Romancero gitano (Record no. 5982)

MARC details
000 -LEADER
campo de control de longitud fija 01050nmc a2200337 a 4500
003 - IDENTIFICADOR DE NÚMERO DE CONTROL
campo de control AR-BaBNM
005 - FECHA Y HORA DE LA ÚLTIMA TRANSACCIÓN
campo de control 20251128204043.0
008 - DATOS DE LONGITUD FIJA--INFORMACIÓN GENERAL
campo de control de longitud fija 066119s1993 ||||||||||||||000 | spa||
020 ## - NÚMERO INTERNACIONAL ESTÁNDAR DEL LIBRO
Número Internacional Estándar del Libro 950-03-0074-5
040 ## - FUENTE DE CATALOGACIÓN
Centro/agencia transcriptor AR-BaBNM
100 1# - ENTRADA PRINCIPAL--NOMBRE DE PERSONA
Nombre de persona García Lorca, Federico
245 10 - MENCIÓN DEL TÍTULO
Título Romancero gitano
Resto del título 1924-1927
250 ## - MENCION DE EDICION
Mención de edición 26ª ed.
260 ## - PUBLICACIÓN, DISTRIBUCIÓN, ETC.
Lugar de publicación, distribución, etc. Buenos Aires
Nombre del editor, distribuidor, etc. Losada
Fecha de publicación, distribución, etc. 1993
300 0# - DESCRIPCIÓN FÍSICA
Extensión 125 p.
490 #0 - MENCIÓN DE SERIE
Mención de serie Biblioteca clásica y contemporánea
Designación de volumen o secuencia v. 116
500 0# - NOTA GENERAL
Nota general Notas de Luis Martínez Cuitiño
500 0# - NOTA GENERAL
Nota general Cronología de la vida y obra del autor en p. 27-33
500 0# - NOTA GENERAL
Nota general La presente edición está completamente anotada donde se realiza análisis literario y relevamiento bibliográfico
504 ## - NOTA DE BIBLIOGRAFÍA, ETC.
Nota de bibliografía, etc. Nota Contiene bibliografía en p. 34-38
650 #4 - PUNTO DE ACCESO ADICIONAL DE MATERIA--TÉRMINO DE MATERIA
Término de materia o nombre geográfico como elemento de entrada LITERATURA ESPANOLA
650 #4 - PUNTO DE ACCESO ADICIONAL DE MATERIA--TÉRMINO DE MATERIA
Término de materia o nombre geográfico como elemento de entrada POESIA
650 #4 - PUNTO DE ACCESO ADICIONAL DE MATERIA--TÉRMINO DE MATERIA
Término de materia o nombre geográfico como elemento de entrada LITERATURA POPULAR
653 #0 - TÉRMINO DE INDIZACIÓN--NO CONTROLADO
Término no controlado ROMANCES
653 #0 - TÉRMINO DE INDIZACIÓN--NO CONTROLADO
Término no controlado GENERACION DE 1927
653 #0 - TÉRMINO DE INDIZACIÓN--NO CONTROLADO
Término no controlado CANCIONEROS
655 ## - TERMINO DE INDIZACIÓN--GENERO/FORMA
Datos o término principal de género/forma LITERATURA
700 1# - ENTRADA AGREGADA--NOMBRE PERSONAL
Nombre de persona Martínez Cutiño, Luis
Término indicativo de función/relación prologuista
942 ## - ELEMENTOS DE ENTRADA SECUNDARIOS (KOHA)
Tipo de ítem Koha Libros
998 ## - INFORMACIÓN DE CONTROL LOCAL (RLIN)
Iniciales del catalogador, CIN (RLIN) isola
Holdings
Estatus retirado Estado de pérdida Fuente de la clasificación o esquema de estantería Estado de daño No para préstamo Biblioteca de origen Biblioteca actual Fecha de adquisición Total de préstamos Signatura topográfica completa Código de barras Visto por última vez Precio de reemplazo Tipo de ítem Koha
    Clasificación Decimal Dewey     Liberty Liberty 28/11/2025   860-1 GAR 091527 28/11/2025 28/11/2025 Libros
    Clasificación Decimal Dewey     Liberty Liberty 28/11/2025   860-1 GAR 091528 28/11/2025 28/11/2025 Libros